|
|
|
|
| LEADER |
00000nam a2200000 a 4500 |
| 001 |
UCZ0194 |
| 003 |
CL-VaPUC |
| 008 |
950724e19670000AG |||||||||||||||||spa|d |
| 082 |
0 |
4 |
|a 843
|b SAI
|2 21
|
| 100 |
0 |
|
|a Saint-Exupéry, Antoine de
|e author
|9 315926
|
| 245 |
1 |
0 |
|a Correo sur
|
| 300 |
|
|
|a 240 p
|
| 942 |
|
|
|c BK
|
| 945 |
|
|
|d 19950724 00:00:00
|a lriquelm
|
| 260 |
|
|
|a Buenos Aires
|b Goncourt
|c 1967
|
| 650 |
|
0 |
|a Novela francesa
|9 264985
|
| 650 |
|
0 |
|a Literatura francesa
|9 266330
|
| 650 |
|
0 |
|a Formas y géneros literarios
|9 324031
|
| 583 |
|
|
|a last modification
|c 19950724 00:00:00
|k Rodrigo Vera
|
| 999 |
|
|
|c 237156
|d 237154
|
| 952 |
|
|
|0 0
|1 0
|4 0
|6 843_000000000000000_SAI_1967
|7 0
|8 A
|9 245985
|a BIBEDU
|b BIBEDU
|d 2019-11-18
|i 1534874
|o 843 SAI 1967
|p 1534874
|r 2019-11-18
|w 2019-11-18
|y BK
|k EDU
|